00802nas a2200253 4500001001300000003000900013005001700022007000300039008003400042040005400076041000900130072000800139100002400147100001800171100001700189100001700206245008600223650002300309650001300332650002200345650001100367773012300378856004700501BR2014004610BR-BrBNA20231205124306.0ta230509b bl.|||p| |||| 00| 00por d aBR-BrBNAbporcBiblioteca Nacional de Agricultura a(Pt) aP331 aGuimarães, R.M.L.1 aTormena, C.A.1 aBlainski, E.1 aFidalski, J.1 aIntervalo hídrico ótimo para avaliação da degradação física do solo aLATOSSOLO VERMELHO aFÍSICA aESTRUTURA DO SOLO aÁGUA0 tRevista Brasileira de Ciência do Solo (Brazil)xISSN 0100-0683g(Nov-Dec 2013), v. 37(6) p. 1512-1521 wBR201400461040uhttp://www.scielo.br/pdf/rbcs/v37n6/08.pdf